Richest Cities by GDP in 2021 - Statistics

General Stats
  • This quiz has been taken 170 times
    151 since last reset
  • The average score is 32 of 46
Answer Stats
Rank Est GDP (USD$) In Billions Name % Correct
2 1874 New York
99%
3 1133 Los Angeles
97%
1 2205 Tokyo
97%
13 714 Chicago
95%
6 1064 London
95%
5 1075 Paris
94%
7 1018 Shanghai
94%
8 1004 Moscow
93%
9 950 Beijing
91%
20 594 Delhi
86%
10 897 Osaka - Kyoto - Kobe
85%
21 593 San Francisco
85%
43 388 Miami
81%
12 841 Jakarta
80%
23 583 São Paulo
80%
4 1125 Seoul
80%
44 376 Madrid
79%
32 475 Toronto
79%
26 547 Mexicó
78%
11 858 Istanbul
77%
18 606 Mumbai
77%
29 513 Boston
76%
28 523 Dallas - Fort Worth
75%
30 489 Houston
75%
19 600 Singapore
74%
16 664 Guangzhou
73%
33 472 Hong Kong
73%
24 578 Washington DC
70%
40 405 Milan
69%
36 444 Seattle
66%
25 559 Bangkok
65%
35 444 Buenos Aires
65%
34 455 Philadelphia
60%
17 657 Chongqing
59%
14 704 Shenzhen
57%
22 585 Taipei
56%
38 409 Wuhan
56%
31 486 Chengdu
55%
37 432 Atlanta
54%
41 403 Nagoya
44%
45 370 Tianjin
41%
42 396 Hangzhou
35%
46 363 Nanjing
31%
39 405 Dhaka
29%
27 526 Suzhou
13%
15 698 Rhine - Ruhr
7%
No matching quizzes found
Score Distribution
Percent of People with Each Score
Percentile by Number Answered
Your Score History
You have not taken this quiz since the last reset